00646cam a22002297a 4500003000500000005001700005008004100022010001000063011001000073020001500083035001100098040000900109082001400118100002200132245011000154260003500264300001100299650002600310650002700336700003000363700002300393CHAP20220329142934.0050328d1995 eu r 00110 eng d a89873 a90845 a0471127329 a101402 cCHAP04a629.8bK900aKrst'c, Miroslav.10aNonlinear and adaptive control desingc/by Miroslav Krsti'c, Ioannis Kanellakopoulos and Petar Kokotovi'c aNew York :bJonh Wiley,c1995. a563 p.14aControl automático.14aControl, teoría del.0 aKanellakopaulos, Ioannis.0 aKokotovi'c, Petar.